| 000 | 01765nam a2200409Ii 4500 | ||
|---|---|---|---|
| 001 | DIGPUCEC0030 | ||
| 003 | NyNyDIG | ||
| 008 | 230404s2018 ec ob 000 0 spa d | ||
| 006 | m o d | ||
| 007 | cr ||||||||||| | ||
| 035 | _a(OCoLC)1377521239 | ||
| 040 |
_aDGITA _beng _erda _epn _cDGITA |
||
| 020 | _z9789978773482 | ||
| 043 | _acl----- | ||
| 050 | 1 | 4 | _aHV6419 ebook |
| 100 | 1 |
_aBenítez Manaut, Raúl, _eauthor. |
|
| 245 | 1 | 4 |
_aLos macro y micro desafíos de la seguridad en democracia / _cRaúl Benítez Manaut [and 7 others] ; Bertha J. García Gallegos, José Manuel Ugarte (coordinadores). |
| 264 | 1 |
_aQuito : _bPontificia Universidad Católica del Ecuador, _c[2018] |
|
| 300 | _a1 online resource. | ||
| 336 |
_atext _btxt _2rdacontent |
||
| 337 |
_acomputer _bc _2rdamedia |
||
| 338 |
_aonline resource _bcr _2rdacarrier |
||
| 347 |
_atext file _2rdaft |
||
| 347 | _bEPUB | ||
| 504 | _aIncludes bibliographical references. | ||
| 588 | 0 | _aOnline resource; title from ePub title page (Digitalia, viewed April 4, 2023) | |
| 650 | 0 |
_aInternal security _zLatin America. |
|
| 650 | 0 |
_aDomestic intelligence _xPolitical aspects _zLatin America. |
|
| 700 | 1 |
_aGarcía Gallegos, Bertha, _eeditor. |
|
| 700 | 1 |
_aUgarte, José Manuel, _eeditor. |
|
| 791 | 2 |
_aDigitalia (Firm), _edistributor. |
|
| 793 | 0 |
_gDigitalia eBook Collection: _aPontificia Universidad Católica del Ecuador |
|
| 776 | 0 | 8 |
_iPrint version: _aBenítez Manaut, Raúl. _tMacro y micro desafíos de la seguridad en democracia. _bPrimera edición. _dQuito : Pontificia Universidad Católica del Ecuador, [2018] _z9789978773482 |
| 856 | 4 | 0 |
_3Digitalia Hispánica _uhttps://www.digitaliapublishing.com/a/117763/ |
| 910 | _aPremium collection: 2023 | ||
| 942 | _cRAA | ||
| 999 |
_c275576 _d275576 |
||